| LEADER |
00767nam0a2200181 450 |
| 001 |
16848056 |
| 010 |
|
|
|a 2-01-236657-0
|b Br.
|d 22,9
|
| 100 |
|
|
|a 20011019d2002 u u0frey01 ba
|
| 101 |
0 |
|
|a fre
|
| 102 |
|
|
|a FR
|
| 200 |
0 |
|
|a Grossesse au naturel
|f Zita West
|
| 207 |
|
1 |
|a
|
| 215 |
|
|
|a 160 p.
|d 24 x 17 cm
|
| 330 |
|
|
|a Pour traiter les troubles les plus courants liés à la grossesse, avec des solutions de médecine douce adaptées à chaque problème : nausées matinales par acupuncture, mal au dos par chiropraxie... sans danger, ni pour le bébé, ni pour la mère.
|
| 700 |
|
0 |
|a West
|b Zita
|4 70
|
| 900 |
|
|
|a Documentaire
|
| 901 |
|
|
|a Accessible au prêt
|
| 995 |
|
|
|a Bibliothèque
|c Bibliothèque
|f 00156004977724
|h 00156004977724
|k 612.63 WES
|o p
|q a
|r az
|e Bibliothèque
|